|
|
|
|
| LEADER |
01128cam a2200289 7i4500 |
| 001 |
0000063396 |
| 005 |
20211027090000.0 |
| 020 |
|
|
|a 9781491979013 (electronic book)
|
| 090 |
0 |
0 |
|a QA76.76.H94
|b B45 2016
|
| 100 |
1 |
|
|a Bellamy-Royds, Amelia
|
| 245 |
1 |
0 |
|a Using SVG with CSS3 and HTML5 :
|b vector graphics for web design
|c Amelia Bellamy-Royds, Kurt Cagle, and Dudley Storey.
|
| 264 |
|
|
|a Beijing:
|b O'Reilly,
|c 2016.
|
| 300 |
|
|
|a 1 online resource (139 pages):
|b colour illustrations, text file, PDF.
|
| 336 |
|
|
|a text
|2 rdacontent
|
| 337 |
|
|
|a computer
|2 rdamedia
|
| 338 |
|
|
|a online resource
|2 rdacarrier
|
| 650 |
|
0 |
|a HTML (Document markup language)
|
| 650 |
|
0 |
|a JavaScript (Computer program language)
|
| 650 |
|
0 |
|a SVG (Document markup language)
|
| 650 |
|
0 |
|a Cascading style sheets
|
| 655 |
|
0 |
|a Electronic books
|
| 700 |
1 |
|
|a Cagle, Kurt
|
| 700 |
1 |
|
|a Storey, Dudley
|
| 856 |
4 |
2 |
|u http://library.unisel.edu.my/web/guest/mylibrary
|
| 997 |
|
|
|a Communication, Visual Art & Computing, Faculty
|b Computing, Department
|
| 998 |
|
|
|a Computer Science, Degree
|
| 999 |
|
|
|a EBO0007834
|b EBOOK
|c EBOOK
|e Electronic resources
|